[Event "ICS rated bullet match"]
[Site "204.178.125.65"]
[Date "2000.03.17"]
[Round "?"]
[White "JSBach"]
[Black "Hossa"]
[Result "0-1"]
[WhiteElo "2027"]
[BlackElo "2389"]
[PlyCount "118"]

1. e4 c5 2. Bc4 Nf6 3. Qf3 Nc6 4. Qe3 d5 5. exd5 Nd4 6. Na3 Nxd5 7. Qe5 Nb4 8.
Kd1 Nbc6 9. Qxc5 Bg4+ 10. Be2 e5 11. Qc4 Nxe2 12. Qxg4 Ned4 13. Ne2 Nxe2 14.
Kxe2 f5 15. Qh3 e4 16. Nb5 a6 17. Nc3 Bb4 18. Ke1 Nd4 19. Qh5+ g6 20. Qd1 O-O
21. a3 Bd6 22. b4 Qc7 23. Rf1 Bxh2 24. Bb2 Rfd8 25. Rh1 Bf4 26. Rh4 Bxd2+ 27.
Qxd2 Nf3+ 28. gxf3 Rxd2 29. Kxd2 Qd8+ 30. Ke3 Qxh4 31. fxe4 Re8 32. f3 Qg5+ 33.
Kd3 Qg2 34. Ke3 Qxc2 35. Ra2 fxe4 36. fxe4 Rc8 37. e5 Rxc3+ 38. Bxc3 Qxc3+ 39.
Kf2 Qxe5 40. Kg1 h6 41. Rg2 Kh7 42. Ra2 Qg3+ 43. Kf1 Qh3+ 44. Kg1 Kg7 45. Ra1
Qe3+ 46. Kg2 Qe4+ 47. Kh3 Qf5+ 48. Kg2 Qd5+ 49. Kh3 Qb3+ 50. Kh4 Qc4+ 51. Kg3
Qc3+ 52. Kg4 Qd4+ 53. Kg3 Qxa1 54. Kf4 Qd4+ 55. Kg3 Qd3+ 56. Kf4 Kf6 57. Kg4
h5+ 58. Kh4 g5+ 59. Kxh5 Qh3# 0-1

[Event "ICS rated standard match"]
[Site "204.178.125.65"]
[Date "2000.03.17"]
[Round "?"]
[White "Hossa"]
[Black "Tinker"]
[Result "1-0"]
[WhiteElo "2339"]
[BlackElo "2331"]
[PlyCount "125"]

1. Nf3 d5 2. g3 d4 3. d3 Nc6 4. e3 dxe3 5. Bxe3 e5 6. Bg2 Bg4 7. h3 Be6 8. Nc3
Nge7 9. Nd2 Nf5 10. Bxc6+ bxc6 11. Qf3 Qd7 12. Nb3 Bb4 13. Qe4 Nxe3 14. fxe3
Qd6 15. Qg2 O-O 16. O-O Bxc3 17. bxc3 a5 18. c4 a4 19. Nd2 Qc5 20. Rf3 Rfb8 21.
Ne4 Qe7 22. Rf2 a3 23. Nc3 Ra6 24. Qf1 Qg5 25. Rf3 Qh5 26. g4 Qg5 27. Qf2 f5
28. Rf1 Raa8 29. Rg3 fxg4 30. hxg4 Bxg4 31. Qg2 h5 32. Qxc6 Kh8 33. Qxc7 h4 34.
Ne4 Qh5 35. Rg2 h3 36. Rgf2 Be2 37. Re1 Bf3 38. Ng3 Qg4 39. Kh2 Rb2 40. Qxe5
Rxa2 41. Qf5 Qxf5 42. Nxf5 Bg4 43. Ne7 Bd7 44. Ng6+ Kg8 45. Ne5 Be6 46. d4 Rf8
47. Rfe2 Rb8 48. d5 Bf5 49. e4 Bc8 50. d6 Be6 51. d7 Rd8 52. c5 Rxd7 53. Nxd7
Bxd7 54. c4 Rxe2+ 55. Rxe2 g5 56. Ra2 Kf7 57. Rxa3 Ke7 58. c6 Bxc6 59. Kxh3
Bd7+ 60. Kg3 g4 61. Ra7 Kd6 62. Rxd7+ Kxd7 63. Kxg4 1-0

[Event "ICS rated standard match"]
[Site "204.178.125.65"]
[Date "2000.03.17"]
[Round "?"]
[White "Tinker"]
[Black "Hossa"]
[Result "1/2-1/2"]
[WhiteElo "2315"]
[BlackElo "2355"]
[PlyCount "131"]

1. e4 e5 2. d4 exd4 3. Qxd4 Nc6 4. Qd1 Nf6 5. Nc3 Bb4 6. Bg5 Bxc3+ 7. bxc3 h6
8. Bxf6 Qxf6 9. Ne2 O-O 10. Qd2 Re8 11. f3 Ne5 12. Nf4 Qh4+ 13. Kd1 a5 14. Kc1
Qe7 15. a3 b5 16. Bxb5 Rb8 17. Be2 Bb7 18. Ra2 Ba8 19. Nd5 Bxd5 20. exd5 Qd6
21. Qd4 c5 22. dxc6 Qxc6 23. Rb2 Rxb2 24. Kxb2 Qc7 25. Kc1 Nc6 26. Qd3 Qe5 27.
Re1 Qc5 28. a4 Qa3+ 29. Kd2 Qe7 30. f4 Qf6 31. Qf3 Qe6 32. Qf2 Qd6+ 33. Bd3
Rxe1 34. Kxe1 Qa3 35. Kd2 Qxa4 36. Qe3 Kf8 37. Qc5+ Ke8 38. g3 Qa2 39. Bc4 Qb1
40. Qd5 Qg1 41. Qxf7+ Kd8 42. Qxg7 Qxh2+ 43. Kd3 Qg2 44. Bb3 h5 45. Qg5+ Kc8
46. Bf7 Qf1+ 47. Kd2 Qf2+ 48. Kc1 Qg1+ 49. Kb2 Qb6+ 50. Kc1 Qg1+ 51. Kb2 Qb6+
52. Ka2 Qe3 53. Qg7 h4 54. gxh4 Qxf4 55. h5 Nd8 56. Bg6 Qa4+ 57. Kb2 Qb5+ 58.
Ka3 Qc5+ 59. Ka2 Qc4+ 60. Ka1 Qf1+ 61. Kb2 Qb5+ 62. Ka3 Qc5+ 63. Ka2 Qc4+ 64.
Ka1 Qf1+ 65. Kb2 Qb5+ 66. Ka3 1/2-1/2

[Event "ICS rated standard match"]
[Site "204.178.125.65"]
[Date "2000.03.17"]
[Round "?"]
[White "Hossa"]
[Black "Tinker"]
[Result "1-0"]
[WhiteElo "2353"]
[BlackElo "2317"]
[PlyCount "89"]

1. Nf3 d5 2. c4 d4 3. e3 dxe3 4. fxe3 f6 5. d4 g5 6. Be2 g4 7. Nh4 f5 8. h3 Qd6
9. hxg4 fxg4 10. Nc3 Qg3+ 11. Kd2 Bh6 12. Kc2 Qf2 13. Ne4 Qf7 14. b3 Qg7 15.
Ng3 Qg5 16. e4 Qa5 17. d5 Bg7 18. Bb2 Bxb2 19. Kxb2 Nh6 20. Nhf5 Nxf5 21. exf5
Qb6 22. Bxg4 Qf6+ 23. Kc2 Na6 24. a3 O-O 25. Rh5 Kh8 26. Rb1 Rg8 27. Ne4 Qf7
28. Qd4+ Rg7 29. Rxh7+ Kxh7 30. Ng5+ Rxg5 31. Rh1+ Rh5 32. Rxh5+ Qxh5 33. Bxh5
Bxf5+ 34. Kd2 Kg8 35. g4 e5 36. Qxe5 Bb1 37. d6 cxd6 38. Qd5+ Kh8 39. Qxb7 Rb8
40. Qxa6 Rxb3 41. a4 Rd3+ 42. Ke2 Rb3 43. Qxd6 Rb2+ 44. Ke1 Rb6 45. Qd5 1-0

[Event "ICS unrated standard match"]
[Site "204.178.125.65"]
[Date "2000.03.17"]
[Round "?"]
[White "Hossa"]
[Black "scrappy"]
[Result "0-1"]
[WhiteElo "2367"]
[BlackElo "2586"]
[PlyCount "204"]

1. e4 e5 2. Nf3 Nc6 3. Bb5 a6 4. Ba4 Nf6 5. O-O Be7 6. Re1 b5 7. Bb3 d6 8. c3
O-O 9. h3 Na5 10. Bc2 c5 11. d4 Qc7 12. Nbd2 cxd4 13. cxd4 Nc6 14. Nb3 a5 15.
Be3 a4 16. Nbd2 Bd7 17. Rc1 Qb7 18. d5 Nb4 19. Bb1 Rfc8 20. Qe2 a3 21. Nb3 Qa6
22. Qd2 Qa4 23. Re2 Rc4 24. Bb6 axb2 25. Qxb2 Nh5 26. Rd2 f5 27. exf5 Nf6 28.
Rcd1 e4 29. Nh2 Rb8 30. Ba5 Bxf5 31. Nf3 Bxh3 32. Nfd4 Bg4 33. Re1 Nbxd5 34.
Bxe4 Nxe4 35. Rxe4 Bh5 36. Re6 Ra8 37. Nf5 Bf6 38. Qb1 Nf4 39. Rxf6 gxf6 40.
Qb2 Rf8 41. Nh6+ Kg7 42. Nf5+ Kg6 43. Nxd6 Rc6 44. f3 Ne6 45. Qb1+ Kg7 46. Qf5
Bf7 47. Qd5 Ra6 48. Bc3 Kg8 49. Bxf6 Qf4 50. Nf5 Ng7 51. Ne7+ Kh8 52. Bxg7+
Kxg7 53. Nf5+ Kf6 54. Qc5 Re8 55. Rd6+ Rxd6 56. Nxd6 Re5 57. Ne4+ Kg7 58. Qc3
Kg8 59. g3 Qf5 60. Nd4 Qg6 61. Nb3 Qg7 62. Qc7 h5 63. Qd8+ Re8 64. Qd2 Qe5 65.
Kg2 Rc8 66. Qh6 Bxb3 67. Qg6+ Kf8 68. axb3 Ke7 69. f4 Qd5 70. Qg7+ Kd8 71. Qf8+
Kd7 72. Qg7+ Kc6 73. Qc3+ Kb7 74. Qe5 Rc2+ 75. Kh3 Qxe5 76. fxe5 Re2 77. Nf6
Rxe5 78. Kh4 Re3 79. b4 Rb3 80. Nd5 Kc6 81. Ne7+ Kd6 82. Nf5+ Ke5 83. Ne7 Rxb4+
84. Kxh5 Rc4 85. Ng6+ Kf6 86. g4 Rc5+ 87. Kh6 Rg5 88. Nf8 Rxg4 89. Nd7+ Kf5 90.
Nc5 b4 91. Nb3 Rg3 92. Nd2 b3 93. Nc4 Rg6+ 94. Kh5 Re6 95. Nd2 b2 96. Kh4 Rd6
97. Nf1 b1=Q 98. Ng3+ Kf4 99. Ne2+ Ke3 100. Kh5 Qf5+ 101. Kh4 Rh6+ 102. Kg3
Qf3# 0-1

[Event "ICS rated standard match"]
[Site "204.178.125.65"]
[Date "2000.03.17"]
[Round "?"]
[White "Tinker"]
[Black "Hossa"]
[Result "0-1"]
[WhiteElo "2305"]
[BlackElo "2367"]
[PlyCount "176"]

1. e4 e5 2. d4 exd4 3. Qxd4 Nc6 4. Qd1 Nf6 5. Nc3 Bb4 6. Bg5 Bxc3+ 7. bxc3 h6
8. Bxf6 Qxf6 9. Ne2 O-O 10. Qd2 Re8 11. f3 Ne5 12. Nf4 Qh4+ 13. Kd1 a5 14. Kc1
Qe7 15. Rb1 a4 16. Nd5 Qd8 17. a3 b5 18. Rb4 Ba6 19. Rb2 Rb8 20. Nb4 Bb7 21.
Be2 c6 22. Na2 Qe7 23. Rb4 Ba6 24. Rd1 Qh4 25. h3 c5 26. Rb2 Rb7 27. Bf1 Re6
28. Qe3 Qe7 29. Rd5 d6 30. Qf4 Rf6 31. Qd2 Rb6 32. Qd1 Qb7 33. Rd2 Re6 34. g3
Nc4 35. Bxc4 bxc4 36. Rxb6 Qxb6 37. h4 Bb7 38. g4 Qd8 39. Qe1 Qb8 40. g5 h5 41.
Qf1 Ba6 42. Qd1 Bb5 43. Qe2 g6 44. Qd1 Qc7 45. Qe2 Ba6 46. Qe3 Qb8 47. Rg2 Re7
48. Rd2 Bc8 49. Kd1 Re6 50. Kc1 Qb5 51. Qe2 Ba6 52. Qe3 Bb7 53. Qf2 Ba8 54. Qg3
Qb8 55. Qf2 Bb7 56. Qf1 Ba6 57. Re2 Re8 58. Rd2 Re7 59. Qd1 Rb7 60. Nb4 Rb6 61.
e5 cxb4 62. cxb4 Qe8 63. f4 c3 64. Rxd6 Rxd6 65. Qxd6 Qb5 66. Qd8+ Kh7 67. Qd1
Qc4 68. Kb1 Qxf4 69. e6 Qxh4 70. exf7 Qf2 71. f8=Q Qxf8 72. Qd7+ Qg7 73. Qd5
Qb7 74. Qc5 Qh1+ 75. Ka2 Kg8 76. Qxc3 Qd5+ 77. Kb2 Qxg5 78. Qc6 Bb5 79. Qc8+
Kg7 80. Qc7+ Kh6 81. Qd6 Qf5 82. Qd4 Qe6 83. Qc5 Qf6+ 84. c3 Bc6 85. b5 Bg2 86.
Qe3+ g5 87. Qa7 Be4 88. Qc5 Qf4 0-1

[Event "ICS rated blitz match"]
[Site "204.178.125.65"]
[Date "2000.03.17"]
[Round "?"]
[White "Hossa"]
[Black "Levius-Primus"]
[Result "1-0"]
[WhiteElo "2445"]
[BlackElo "2076"]
[PlyCount "29"]

1. e4 e5 2. Nf3 d6 3. d4 f5 4. exf5 e4 5. Qe2 Nf6 6. Nbd2 d5 7. Ne5 c6 8. g4 h6
9. Ng6 Rg8 10. f3 Qa5 11. fxe4 dxe4 12. Bg2 Qd5 13. Nxe4 Nxe4 14. Bxe4 Qb5 15.
Bxc6+ 1-0

[Event "ICS rated blitz match"]
[Site "204.178.125.65"]
[Date "2000.03.17"]
[Round "?"]
[White "Hossa"]
[Black "Levius-Primus"]
[Result "1-0"]
[WhiteElo "2451"]
[BlackElo "2070"]
[PlyCount "39"]

1. e4 e5 2. Nf3 d6 3. d4 f5 4. exf5 e4 5. Qe2 d5 6. Ne5 Bxf5 7. Qb5+ Ke7 8.
Qxb7 Nd7 9. Nc6+ Kf7 10. Nxd8+ Rxd8 11. Qxd5+ Kg6 12. g4 Bxg4 13. Qg5+ Kf7 14.
Qxd8 Ngf6 15. Bc4+ Kg6 16. Qxc7 Bb4+ 17. c3 Be7 18. h3 Bf5 19. Rg1+ Kh5 20. Qf4
1-0

[Event "ICS rated blitz match"]
[Site "204.178.125.65"]
[Date "2000.03.17"]
[Round "?"]
[White "Levius-Primus"]
[Black "Hossa"]
[Result "1-0"]
[WhiteElo "2067"]
[BlackElo "2454"]
[PlyCount "129"]

1. d4 Nf6 2. f3 d5 3. e4 dxe4 4. Nc3 exf3 5. Nxf3 e6 6. Bg5 Be7 7. Bd3 Nd5 8.
Bxe7 Qxe7 9. Qd2 Nxc3 10. bxc3 O-O 11. O-O Nc6 12. Rae1 Qa3 13. Qf2 Qxc3 14.
Bxh7+ Kxh7 15. Re3 Qc4 16. Qh4+ Kg8 17. Ng5 Qxf1+ 18. Kxf1 Rd8 19. Rf3 Rd7 20.
c3 Nd8 21. Qh7+ Kf8 22. Qh8+ Ke7 23. Qxg7 Rd5 24. Nxf7 Rf5 25. Rxf5 exf5 26.
Ne5+ Ke6 27. Qg8+ Ke7 28. h4 Be6 29. Qg7+ Nf7 30. Nxf7 Bxf7 31. h5 Rg8 32. Qe5+
Kf8 33. h6 Bg6 34. Qf6+ Ke8 35. d5 b5 36. Qc6+ Kf8 37. Qxc7 f4 38. Qxf4+ Ke7
39. Qe5+ Kf7 40. d6 Bh7 41. Qe7+ Kg6 42. d7 Kxh6 43. Qe8 Bd3+ 44. Kg1 Bc4 45.
d8=Q Rxe8 46. Qxe8 Kg5 47. Qe7+ Kf5 48. Qxa7 Be6 49. a4 bxa4 50. Qxa4 Kg5 51.
Qb5+ Kf4 52. c4 Bg4 53. c5 Be6 54. c6 Bc8 55. c7 Kg4 56. Qc4+ Kf5 57. Qg8 Ke4
58. Qxc8 Ke5 59. Qe8+ Kf6 60. c8=Q Kg5 61. Qce6 Kf4 62. Qf8+ Kg5 63. Qeg8+ Kh5
64. Qfg7 Kh4 65. Q7h7# 1-0

[Event "ICS unrated blitz match"]
[Site "204.178.125.65"]
[Date "2000.03.17"]
[Round "?"]
[White "Hossa"]
[Black "Zippy"]
[Result "1/2-1/2"]
[WhiteElo "2425"]
[BlackElo "2181"]
[PlyCount "193"]

1. e4 c5 2. Nf3 e6 3. d4 cxd4 4. Nxd4 a6 5. Nc3 d6 6. Bd3 e5 7. Nf3 Nf6 8. Bg5
h6 9. Bxf6 Qxf6 10. Bc4 Nc6 11. O-O Qg6 12. Nd5 Ra7 13. Qd3 b5 14. Bb3 Bg4 15.
Qc3 Bxf3 16. Qxc6+ Rd7 17. Ne3 Be7 18. Qxa6 O-O 19. Qxb5 Rc7 20. Qa5 Rfc8 21.
Bd5 Bxe4 22. Bxe4 Qxe4 23. Qd5 Qh4 24. Rfd1 Rc5 25. Qd2 Bg5 26. c3 d5 27. Qe2
Qe4 28. Re1 Bf4 29. Ng4 Qxe2 30. Rxe2 d4 31. g3 d3 32. Ree1 Bg5 33. Nxe5 d2 34.
Re4 f5 35. Re2 Rb5 36. f4 Rxb2 37. Rd1 Bf6 38. Rexd2 Rxd2 39. Rxd2 Rxc3 40. Kf2
Ra3 41. Nc6 Bc3 42. Re2 g6 43. Kg2 Kf7 44. h3 Kf6 45. Ne5 g5 46. Nc6 Ra6 47.
Ne7 Rd6 48. a3 Rd4 49. Kh2 Bd2 50. Nc6 Rd5 51. fxg5+ hxg5 52. a4 f4 53. Kg2 Rd3
54. gxf4 Bxf4 55. a5 Rg3+ 56. Kf2 Rxh3 57. Re8 Ra3 58. Kf1 g4 59. Rg8 g3 60.
Rf8+ Kg5 61. Rg8+ Kf5 62. Ke2 Ra2+ 63. Kd3 Rd2+ 64. Kc3 Rd6 65. Ne7+ Ke6 66.
Nc8 Be5+ 67. Kb4 Rd4+ 68. Kc5 Rd5+ 69. Kb6 Kd7 70. Ka6 Rc5 71. Nb6+ Kd6 72.
Rg6+ Kc7 73. Rh6 Bc3 74. Rh7+ Kd8 75. Rd7+ Ke8 76. Rd3 Rxa5+ 77. Kb7 g2 78. Rg3
Ra2 79. Nd5 Be5 80. Rg8+ Kf7 81. Rg4 Bd4 82. Kc6 g1=Q 83. Rxg1 Bxg1 84. Kd6
Bh2+ 85. Kc5 Ke6 86. Kc4 Be5 87. Nb4 Ra3 88. Kb5 Kd6 89. Kc4 Rc3+ 90. Kb5 Bd4
91. Na2 Rc5+ 92. Ka4 Kd5 93. Nb4+ Kc4 94. Nc2 Bc3 95. Na3+ Kd3 96. Kb3 Re5 97.
Ka4 1/2-1/2

[Event "ICS unrated bullet match"]
[Site "204.178.125.65"]
[Date "2000.03.17"]
[Round "?"]
[White "Zippy"]
[Black "Hossa"]
[Result "0-1"]
[WhiteElo "1658"]
[BlackElo "2393"]
[PlyCount "90"]

1. e4 e6 2. d4 d5 3. e5 c5 4. c3 Nc6 5. Nf3 Qb6 6. Be2 cxd4 7. cxd4 Nge7 8. Nc3
Nf5 9. Bb5 Bd7 10. Bxc6 bxc6 11. g4 Ne7 12. Na4 Qb4+ 13. Bd2 Qb5 14. Qc2 Ng6
15. Nc3 Qb7 16. Nd1 c5 17. Qc3 cxd4 18. Qxd4 Rc8 19. Rc1 Rc4 20. Rxc4 dxc4 21.
Ke2 Bc6 22. Re1 Bxf3+ 23. Kf1 Qc7 24. Nc3 a6 25. h3 Be7 26. Bc1 O-O 27. Bf4 Rd8
28. Qe3 Rd3 29. Qc1 Qb7 30. Kg1 Bh1 31. Ne4 Bxe4 32. Kh2 Nh4 33. Re3 Nf3+ 34.
Kg2 Nxe5+ 35. Kh2 Nf3+ 36. Kg2 Bf6 37. Qxc4 Rxe3 38. Bxe3 Nd2+ 39. Qxe4 Qxe4+
40. Kh2 Be5+ 41. f4 Nf1+ 42. Kg1 Qxe3+ 43. Kxf1 Bd4 44. Kg2 Qf2+ 45. Kh1 Qg1#
0-1

[Event "ICS rated blitz match"]
[Site "204.178.125.65"]
[Date "2000.03.17"]
[Round "?"]
[White "Hossa"]
[Black "Rebellion"]
[Result "0-1"]
[WhiteElo "2425"]
[BlackElo "2537"]
[PlyCount "112"]

1. e4 e5 2. Nf3 Nc6 3. Bc4 Nf6 4. Ng5 d5 5. exd5 Na5 6. Bb5+ c6 7. dxc6 bxc6 8.
Be2 h6 9. Nf3 e4 10. Ne5 Bd6 11. d4 exd3 12. Nxd3 Qc7 13. b3 O-O 14. Bb2 Ne4
15. Nc3 f5 16. Bh5 Nb7 17. Ne2 Rb8 18. g3 Qa5+ 19. c3 Rd8 20. O-O Qb6 21. b4
Kh7 22. Qc2 c5 23. Bf7 Qc6 24. c4 cxb4 25. Nd4 Qa6 26. Ne6 Rd7 27. Be8 Re7 28.
Bb5 Qa5 29. Nd4 Nd8 30. f3 Nc3 31. Bxc3 bxc3 32. Rfe1 a6 33. c5 Rxe1+ 34. Rxe1
Bxg3 35. hxg3 axb5 36. Re8 Qc7 37. Qf2 Nc6 38. Nxc6 Qxc6 39. Rf8 b4 40. Qe3 Rb5
41. Re8 c2 42. Re5 b3 43. a4 b2 44. axb5 b1=Q+ 45. Nc1 Qcxb5 46. Kg2 Q5b2 47.
Re7 Q1xc1 48. Rxg7+ Kxg7 49. Qe7+ Kg6 50. Qe8+ Kh7 51. Qf7+ Qg7 52. Qxg7+ Kxg7
53. f4 Bb7+ 54. c6 Bxc6+ 55. Kf2 Qd2+ 56. Kg1 c1=Q# 0-1

[Event "ICS rated blitz match"]
[Site "204.178.125.65"]
[Date "2000.03.17"]
[Round "?"]
[White "BushidoPath"]
[Black "Hossa"]
[Result "0-1"]
[WhiteElo "2561"]
[BlackElo "2421"]
[PlyCount "94"]

1. c4 e5 2. Nc3 Nf6 3. e4 Bc5 4. g3 Nc6 5. Bg2 d6 6. h3 O-O 7. Nge2 Be6 8. d3
Re8 9. O-O Rf8 10. Kh2 Nd4 11. f4 c6 12. f5 Nxe2 13. Nxe2 Bc8 14. g4 Re8 15.
Ng3 Nd7 16. g5 f6 17. g6 Nf8 18. Qh5 Bd7 19. gxh7+ Nxh7 20. Qg6 Re7 21. h4 Nf8
22. Qg4 Qb6 23. h5 Be8 24. h6 Be3 25. b3 Qd4 26. Rb1 Qxd3 27. Bxe3 Qxe3 28. Rh1
Qxh6+ 29. Bh3 d5 30. Rbg1 Bf7 31. cxd5 cxd5 32. Rg2 Rd8 33. Rf1 dxe4 34. Nxe4
Rd4 35. Kg1 Bd5 36. Re1 Bxe4 37. Rxe4 Rxe4 38. Qxe4 Qxh3 39. Qc4+ Rf7 40. Rh2
Qxf5 41. Rg2 Qb1+ 42. Kh2 g5 43. Qg4 Rh7+ 44. Kg3 Qd3+ 45. Kf2 Rc7 46. Qf3 Qd4+
47. Kg3 Qh4# 0-1

[Event "ICS rated blitz match"]
[Site "204.178.125.65"]
[Date "2000.03.17"]
[Round "?"]
[White "Hossa"]
[Black "Grigoriev"]
[Result "1-0"]
[WhiteElo "2443"]
[BlackElo "2054"]
[PlyCount "33"]

1. d4 Nf6 2. c4 c5 3. d5 e6 4. Nc3 exd5 5. cxd5 d6 6. e4 g6 7. Nf3 Bg7 8. h3
O-O 9. Bd3 a6 10. a4 Nbd7 11. O-O Qc7 12. a5 Re8 13. Bc2 c4 14. Be3 Nc5 15. Re1
Ncxe4 16. Nxe4 Nxe4 17. Bb6 1-0

[Event "ICS rated blitz match"]
[Site "204.178.125.65"]
[Date "2000.03.17"]
[Round "?"]
[White "Hossa"]
[Black "cfd"]
[Result "1-0"]
[WhiteElo "2460"]
[BlackElo "2225"]
[PlyCount "39"]

1. c4 g6 2. Nf3 Bg7 3. d4 d6 4. Nc3 c5 5. dxc5 Bxc3+ 6. bxc3 dxc5 7. Qxd8+ Kxd8
8. e4 Nc6 9. Be3 b6 10. Rd1+ Ke8 11. h3 Ba6 12. Be2 Na5 13. Nd2 Rd8 14. e5 f6
15. h4 Kf7 16. h5 g5 17. h6 Kg6 18. Bh5+ Kxh6 19. Nb3 Nxc4 20. Rxd8 1-0

[Event "ICS rated blitz match"]
[Site "204.178.125.65"]
[Date "2000.03.17"]
[Round "?"]
[White "Hossa"]
[Black "HaraldLdahl"]
[Result "0-1"]
[WhiteElo "2467"]
[BlackElo "2218"]
[PlyCount "146"]

1. e4 Nf6 2. e5 Nd5 3. d4 d6 4. c4 Nb6 5. exd6 cxd6 6. Nc3 g6 7. h3 Bg7 8. Nf3
O-O 9. Be2 Nc6 10. O-O Bf5 11. Bf4 d5 12. c5 Nc4 13. Bxc4 dxc4 14. d5 Nb4 15.
d6 exd6 16. Bxd6 Re8 17. Qd2 Nd3 18. Rfd1 Rc8 19. g4 Be6 20. Rab1 Nxc5 21. Bxc5
Qxd2 22. Nxd2 Rxc5 23. Nde4 Rc6 24. Nd6 Re7 25. Nde4 Rc8 26. Nd6 Rd8 27. Rd2
Red7 28. Rbd1 Be5 29. Nce4 Bxd6 30. Nf6+ Kf8 31. Nxd7+ Rxd7 32. Rxd6 Rxd6 33.
Rxd6 Ke7 34. Rd2 b5 35. f4 a5 36. Re2 Kd6 37. Re5 Bd5 38. Re3 b4 39. a4 Kc5 40.
f5 gxf5 41. gxf5 Kd4 42. Re1 Be4 43. Rd1+ Bd3 44. Re1 c3 45. bxc3+ Kxc3 46. Re8
b3 47. Rc8+ Bc4 48. Rb8 b2 49. Rxb2 Kxb2 50. f6 Kb3 51. Kf2 Kxa4 52. Ke3 Kb3
53. Kd2 a4 54. Kc1 Bd3 55. Kd2 Bg6 56. h4 a3 57. h5 Bf5 58. Ke3 a2 59. Kf4 Bc2
60. Kg4 a1=Q 61. Kf3 Qf1+ 62. Ke3 Kc4 63. h6 Qxf6 64. Ke2 Bd3+ 65. Ke3 Qe5+ 66.
Kf3 Qe4+ 67. Kg3 Kd4 68. Kh2 Be2 69. Kg3 Qg6+ 70. Kh3 Qg5 71. Kh2 Qg4 72. Kh1
Bf3+ 73. Kh2 Qg2# 0-1

[Event "ICS rated blitz match"]
[Site "204.178.125.65"]
[Date "2000.03.17"]
[Round "?"]
[White "hesse"]
[Black "Hossa"]
[Result "0-1"]
[WhiteElo "2113"]
[BlackElo "2441"]
[PlyCount "98"]

1. Nf3 Nf6 2. g3 g6 3. Bg2 Bg7 4. O-O O-O 5. c4 c5 6. Nc3 Nc6 7. Rb1 d5 8. cxd5
Nxd5 9. a3 Bf5 10. d3 Bxc3 11. e4 Bg7 12. exf5 gxf5 13. Qc2 Qd6 14. Be3 Bd4 15.
Nxd4 cxd4 16. Bd2 Rac8 17. Qb3 Nb6 18. Bf4 e5 19. Bg5 Qg6 20. Bd2 Rfe8 21. Bb4
e4 22. dxe4 fxe4 23. Bc5 Qh5 24. Bxb6 axb6 25. Qxb6 Re7 26. Rfd1 Qd5 27. b4 d3
28. Qe3 Ra8 29. Ra1 Qe5 30. Qd2 Nd4 31. Ra2 Ne2+ 32. Kh1 Nc3 33. Raa1 Nxd1 34.
Qxd1 Qb2 35. Qg4+ Qg7 36. Qd1 Qf6 37. Kg1 Qb2 38. Qg4+ Kh8 39. Rd1 Qxa3 40. Qg5
Qxb4 41. Qf5 Qd4 42. Kf1 Qe5 43. Qg4 Ra1 44. h4 Re8 45. h5 f5 46. f4 Qd4 47.
Rxa1 Qxa1+ 48. Kf2 e3+ 49. Kf3 Qd1# 0-1

[Event "ICS rated blitz match"]
[Site "204.178.125.65"]
[Date "2000.03.17"]
[Round "?"]
[White "HaraldLdahl"]
[Black "Hossa"]
[Result "0-1"]
[WhiteElo "2286"]
[BlackElo "2445"]
[PlyCount "104"]

1. e4 e5 2. Nf3 Nc6 3. Nc3 Nf6 4. Bb5 Nd4 5. Nxd4 exd4 6. e5 dxc3 7. exf6 cxd2+
8. Bxd2 Qxf6 9. Bc3 Qe6+ 10. Kf1 Be7 11. Bxg7 Rg8 12. Bc3 Qg6 13. Qf3 Qg4 14.
Qxg4 Rxg4 15. h3 Rh4 16. Re1 Kf8 17. Bg7+ Kxg7 18. Rxe7 Rb4 19. Bd3 Rxb2 20. a3
Rb1+ 21. Re1 Rxe1+ 22. Kxe1 d5 23. h4 Be6 24. h5 Kh6 25. f4 Bg4 26. Kf2 c5 27.
Kg3 Rg8 28. Kh4 c4 29. Bf1 Bf5 30. Be2 Bxc2 31. g4 Kg7 32. g5 Rd8 33. Bg4 Kg8
34. f5 b5 35. g6 hxg6 36. hxg6 fxg6 37. fxg6 Bxg6 38. Kg5 Kf7 39. Rf1+ Kg7 40.
Rf6 Bf7 41. Ra6 Ra8 42. Bd7 d4 43. Bc6 Rc8 44. Rxa7 Rxc6 45. a4 b4 46. a5 c3
47. Kf4 c2 48. Rxf7+ Kxf7 49. Ke4 c1=Q 50. Kxd4 Qc3+ 51. Kd5 Rc4 52. Kd6 Qd4#
0-1

[Event "ICS rated blitz match"]
[Site "204.178.125.65"]
[Date "2000.03.17"]
[Round "?"]
[White "Hossa"]
[Black "Reasoner"]
[Result "1-0"]
[WhiteElo "2486"]
[BlackElo "2082"]
[PlyCount "43"]

1. d4 Nf6 2. c4 d6 3. Nc3 e5 4. Nf3 Nbd7 5. e4 Be7 6. Be2 O-O 7. O-O c6 8. Re1
a6 9. Bf1 b5 10. c5 exd4 11. Nxd4 Bb7 12. Nxc6 Bxc6 13. cxd6 Re8 14. dxe7 Qxe7
15. Re2 Rad8 16. Nd5 Qe5 17. Bf4 Qh5 18. Bc7 Rc8 19. Rc2 Qxd1 20. Rxd1 Nxd5 21.
exd5 Rxc7 22. Rxc6 1-0

[Event "ICS rated blitz match"]
[Site "204.178.125.65"]
[Date "2000.03.17"]
[Round "?"]
[White "Hossa"]
[Black "undertaker1"]
[Result "0-1"]
[WhiteElo "2489"]
[BlackElo "2611"]
[PlyCount "126"]

1. e4 e5 2. Nf3 Nc6 3. Nc3 Nf6 4. d4 exd4 5. Nxd4 Bb4 6. Nxc6 bxc6 7. Bd3 d5 8.
exd5 cxd5 9. O-O O-O 10. Bg5 c6 11. Qf3 Be7 12. h3 h6 13. Bf4 Bd6 14. Rfe1 Rb8
15. b3 Be6 16. Qe3 Bxf4 17. Qxf4 Re8 18. a3 Nh5 19. Qe5 Qg5 20. Qxg5 hxg5 21.
Na4 Nf4 22. Nc5 a5 23. Rad1 Nxd3 24. cxd3 d4 25. Re5 g4 26. h4 Bd5 27. Rg5 Bxb3
28. Rc1 Be6 29. Ne4 Re7 30. Rxa5 Bd5 31. Nc5 Re2 32. g3 Rbb2 33. Rf1 Bf3 34.
Nd7 Rb3 35. Nc5 Rc3 36. Rb1 Rec2 37. Rf1 Rxc5 38. Ra8+ Kh7 39. Ra7 Rc1 40. Re7
Rxf1+ 41. Kxf1 Rc3 42. a4 Rxd3 43. h5 Rd1+ 44. Re1 Rxe1+ 45. Kxe1 c5 46. Kd2 c4
47. Kc2 c3 48. a5 Be2 49. h6 gxh6 50. a6 Bxa6 51. Kb3 Bd3 52. Ka3 f5 53. Kb3 f4
54. gxf4 Bf5 55. Kc4 c2 56. Kxd4 c1=Q 57. Kd5 Qd2+ 58. Kc6 Qxf2 59. Kd5 g3 60.
Kc6 g2 61. Kd6 g1=Q 62. Ke7 Qc5+ 63. Kf7 Qg6# 0-1

[Event "ICS rated blitz match"]
[Site "204.178.125.65"]
[Date "2000.03.17"]
[Round "?"]
[White "undertaker1"]
[Black "Hossa"]
[Result "1-0"]
[WhiteElo "2622"]
[BlackElo "2478"]
[PlyCount "111"]

1. e4 e5 2. Nf3 Nc6 3. Bb5 a6 4. Ba4 Nf6 5. O-O Be7 6. Re1 b5 7. Bb3 d6 8. c3
O-O 9. h3 Na5 10. Bc2 c5 11. d4 Qc7 12. Nbd2 cxd4 13. cxd4 Bb7 14. Nf1 Rac8 15.
Re2 d5 16. dxe5 Nxe4 17. Ng3 f5 18. exf6 Bxf6 19. Bxe4 dxe4 20. Nxe4 Rcd8 21.
Qe1 Bxe4 22. Rxe4 Nc4 23. Rb1 Qf7 24. b3 Nd6 25. Re2 Qg6 26. Bd2 Rde8 27. Rc1
Rxe2 28. Qxe2 Re8 29. Qd1 Qe4 30. Bc3 Bxc3 31. Rxc3 Nf5 32. Rc7 Ne7 33. Qd7 Kf8
34. Nd4 Qe1+ 35. Kh2 h6 36. Ne6+ Kf7 37. Nd8+ Rxd8 38. Qxd8 g6 39. Qd5+ Ke8 40.
Qd6 a5 41. Qd7+ Kf7 42. Qxb5 Kf6 43. Qb6+ Kf7 44. Qc5 h5 45. Ra7 a4 46. Rxa4
Nf5 47. Qc7+ Kf6 48. Ra6+ Kg5 49. h4+ Nxh4 50. Qd8+ Kh6 51. Qh8+ Kg5 52. Qf6+
Kh6 53. Qf4+ Kh7 54. Ra7+ Qe7 55. Rxe7+ Kh8 56. Qb8# 1-0

[Event "ICS rated blitz match"]
[Site "204.178.125.65"]
[Date "2000.03.17"]
[Round "?"]
[White "Hossa"]
[Black "undertaker1"]
[Result "0-1"]
[WhiteElo "2468"]
[BlackElo "2632"]
[PlyCount "158"]

1. d4 Nf6 2. c4 e6 3. Nc3 Bb4 4. e3 O-O 5. Nf3 d5 6. Bd3 b6 7. O-O Bb7 8. cxd5
exd5 9. a3 Bd6 10. b4 a6 11. Qb3 Qe7 12. Qc2 Ne4 13. Bd2 f5 14. Rfc1 Nd7 15.
Qb2 Rab8 16. b5 Nxc3 17. bxa6 Bxa6 18. Bxa6 Ne4 19. Qb3 Ndf6 20. Re1 c5 21. Bc1
c4 22. Qb2 Ng4 23. Re2 Qc7 24. h3 Nh2 25. Ne1 b5 26. Bxb5 Qa5 27. a4 Bb4 28.
Nc2 Bc3 29. Qa3 Bxa1 30. Nxa1 Nc3 31. Rd2 Nb1 32. Qa2 Nxd2 33. Bxd2 Qa7 34. Bc6
Rfd8 35. Nc2 Qc7 36. Bb5 h6 37. f4 Qa7 38. Nb4 Rb6 39. Nc6 Rxc6 40. Bxc6 g5 41.
Qb1 gxf4 42. Qxf5 Qe7 43. Bxd5+ Kg7 44. e4 Rf8 45. Qh5 c3 46. Bc1 Qf6 47. Qe5
Qxe5 48. dxe5 f3 49. Kxh2 f2 50. Bc4 f1=Q 51. Bxf1 Rxf1 52. Be3 Re1 53. Bd4 c2
54. Bb2 Rxe4 55. Kg3 Rxa4 56. e6+ Kg6 57. Kf3 Ra6 58. Ke3 Rxe6+ 59. Kd3 Rc6 60.
Bc1 Kh5 61. Kd2 Kh4 62. Kd3 Kg3 63. Ke4 Kxg2 64. h4 Kg3 65. h5 Kg4 66. Ke5 Kxh5
67. Kf5 Rd6 68. Bb2 Rd5+ 69. Ke6 Rb5 70. Ba3 Kg4 71. Kf6 h5 72. Bc1 h4 73. Be3
h3 74. Kg6 h2 75. Bd2 h1=Q 76. Kf7 Qd5+ 77. Ke8 Rb8+ 78. Ke7 Rb7+ 79. Kf6 Qf5#
0-1